| 000 | 01718nam a2200505 i 4500 | ||
|---|---|---|---|
| 001 | 16356 | ||
| 003 | KOSZ 005 | ||
| 005 | 20191024142959.0 | ||
| 008 | 040426s1975 pl a f |000 0 pol | ||
| 015 | _aPB 1975/8276 | ||
| 035 | _a991023164299705066 | ||
| 035 | _a(PL-WaBN)b16243560-48omnis_nlop | ||
| 035 | _ab16243560 | ||
| 035 | _a(OCoLC)830566742 | ||
| 035 | _a(PL)b0000001624356 | ||
| 035 | _a(EXLNZ-48OMNIS_NETWORK)9910101172805606 | ||
| 040 |
_aWA N _cWA N _dKOSZ 005/EG |
||
| 041 | 1 |
_apol _hrus |
|
| 046 | _k1975 | ||
| 080 | _a62-7 | ||
| 080 | _a532.5 | ||
| 100 | 1 |
_aKondakov, Lev Anatol'evič _eAutor |
|
| 245 | 1 | 0 |
_aUszczelnienia układów hydraulicznych / _cL. A. Kondakow ; tł. Leon Gosztowtt, Artur Karaszkiewicz. |
| 246 | 1 |
_iTyt. oryg.: _aUplotneniâ gidravličeskih sistem, _f1972 |
|
| 260 |
_aWarszawa : _bWydawnictwa Naukowo-Techniczne, _c1975. |
||
| 300 |
_a227, [1] s. : _bil., tab., wykr. ; _c25 cm. |
||
| 336 |
_2rdacontent _aTekst _btxt |
||
| 337 |
_2rdamedia _aBez urządzenia pośredniczącego _bn |
||
| 338 |
_2rdacarrier _aWolumin _bnc |
||
| 380 | _aKsiążki | ||
| 380 | _aPublikacje fachowe | ||
| 388 | _a1901-2000 | ||
| 388 | _a1945-1989 | ||
| 504 | _aBibliogr. | ||
| 650 | 7 |
_aHydraulika _2DBN |
|
| 650 | 7 | _aUrządzenia | |
| 650 | 7 |
_aUszczelnienia _2DBN |
|
| 658 | _aInżynieria i technika | ||
| 700 | 1 |
_aGosztowtt, Leon _d(?-1985) _eTłumaczenie |
|
| 700 | 1 |
_aKaraszkiewicz, Artur _eTłumaczenie |
|
| 710 | 2 |
_aWydawnictwa Naukowo-Techniczne _4pbl |
|
| 856 |
_uhttp://koha.tu.koszalin.pl/cgi-bin/koha/opac-detail.pl?biblionumber=16356 _yKatalog online BPK |
||
| 942 |
_2UKD _cKS |
||
| 999 |
_c16356 _d16356 |
||